000 00373nam a2200109Ia 4500
008 160909s9999 xx 000 0 und d
100 _aGopabhat Madhusudhan, Meghana.
245 _aControl of Crazyflie nano quadcopter using Simulink
260 _bCalifornia State University
_c2016
650 _aMASS COM
856 _uhttp://pqdtopen.proquest.com/doc/1786690441.html?FMT=ABS
999 _c304172
_d304172